000 00432nam a22001817a 4500
003 MPLRDC
005 20220104142749.0
008 210129b ||||| |||| 00| 0 eng d
082 _a857.621 XP v.1
100 _a小平著
245 _a神仙的奴仆
_c
250 _a初版
260 _a
_b环球图书杂志出版社
_c1955
300 _b
490 _a女侠盗黄莺故事
650 _a
942 _cBK
_o857.621 XP v.1
999 _c33528
_d33518